[Event "Open"]
[Site "Cappelle la Grande FRA"]
[Date "2003.02.26"]
[Round "6"]
[White "Zubarev,A1"]
[Black "Martyn,R"]
[Result "0-1"]
[WhiteElo "2501"]
[BlackElo "2187"]
[EventDate "2003.02.22"]

1. e4 c6 2. c4 d5 3. exd5 Nf6 4. d4 cxd5 5. Nc3 g6 6. cxd5 Nxd5 7. Bc4 Nb6
8. Bb3 Bg7 9. Nf3 O-O 10. O-O Bg4 11. h3 Bxf3 12. Qxf3 Nc6 13. Bg5 Qxd4 14.
Rfe1 Qc5 15. Qg3 Rfe8 16. Rac1 Qf5 17. Ne4 Nd4 18. Rc5 Qd7 19. Rc7 Qf5 20.
Bxe7 Nxb3 21. Qxb3 Qa5 22. Qxf7+ Kxf7 23. Bb4+ Kg8 24. Bxa5 Bxb2 25. Rxb7
Bd4 26. Nd6 Rxe1+ 27. Bxe1 Nd5 28. Nb5 Bg7 29. Rxa7 Rc8 30. Kf1 Rc2 31. a4
Ra2 32. a5 Nf4 33. Rd7 Ne6 34. Rd6 Nc5 35. f3 Ra1 36. Ke2 Nb7 37. Rd7 Ra2+
38. Kf1 Nc5 39. Bb4 Nxd7 40. Nc7 Ra1+ 41. Ke2 Nb8 0-1

[Event "Open"]
[Site "Cappelle la Grande FRA"]
[Date "2003.02.26"]
[Round "6"]
[White "Potapov,A1"]
[Black "Woodward,T"]
[Result "1-0"]
[WhiteElo "2500"]
[BlackElo "2185"]
[EventDate "2003.02.22"]

1. d4 d5 2. c4 c6 3. Nc3 Nf6 4. e3 g6 5. Nf3 Bg7 6. Be2 O-O 7. O-O dxc4 8.
Bxc4 Bg4 9. h3 Bxf3 10. Qxf3 Nbd7 11. Bb3 Qa5 12. Bd2 Qf5 13. Qe2 Ne4 14.
g4 Nxc3 15. Bxc3 Qf6 16. Rad1 Qh4 17. Kg2 e6 18. f4 Qe7 19. e4 Rad8 20. e5
c5 21. d5 exd5 22. Bxd5 Nb6 23. Bb3 Kh8 24. g5 Rc8 25. h4 c4 26. Bc2 Rfe8
27. h5 Kg8 28. Kg3 Rcd8 29. Be4 Qc5 30. h6 Bf8 31. Rxd8 Rxd8 32. e6 Nd5 33.
exf7+ Kxf7 34. Re1 Ne7 35. Bxg6+ hxg6 36. Qe6+ Ke8 37. Qxg6+ Kd7 38. Qe6+
Ke8 39. h7 Rd3+ 40. Kg2 1-0

[Event "Open"]
[Site "Cappelle la Grande FRA"]
[Date "2003.02.26"]
[Round "6"]
[White "Roberts,P"]
[Black "Palo,D"]
[Result "1/2-1/2"]
[WhiteElo "2185"]
[BlackElo "2484"]
[EventDate "2003.02.22"]

1. d4 Nf6 2. Nf3 e6 3. e3 b6 4. Bd3 Bb7 5. Nbd2 c5 6. c3 Be7 7. O-O O-O 8.
e4 d6 9. Qe2 Nbd7 10. e5 dxe5 11. dxe5 Nd5 12. Ne4 Qc7 13. Ng3 Rfe8 14. a3
Qc8 15. c4 Nc7 16. Ng5 Nf8 17. Be3 Bc6 18. Qc2 Ng6 19. h4 Nxh4 20. Bxh7+
Kf8 21. Be4 Qb7 22. f3 g6 23. Nh5 Nf5 24. Bxf5 exf5 25. Nh7+ Kg8 26. N7f6+
Bxf6 27. Nxf6+ Kg7 28. Rad1 Ne6 29. Qc1 Rh8 30. Nd5 Rad8 31. Bg5 Bxd5 32.
Bf6+ Kg8 33. cxd5 Rxd5 34. Bxh8 Kxh8 35. Qh6+ Kg8 36. Kf2 Rxd1 37. Rxd1 Qb8
38. f4 Qf8 39. Qxf8+ Kxf8 40. Ke3 Ke7 41. b4 Ke8 42. g3 Ke7 43. Kd3 cxb4
44. axb4 a5 45. b5 Nc5+ 46. Kc4 Ne4 47. Rd3 g5 48. Kd5 gxf4 49. gxf4 Nc5
50. Rf3 1/2-1/2

[Event "Open"]
[Site "Cappelle la Grande FRA"]
[Date "2003.02.27"]
[Round "7"]
[White "Burmakin,V"]
[Black "Zontakh,A"]
[Result "1-0"]
[WhiteElo "2575"]
[BlackElo "2508"]
[EventDate "2003.02.22"]

1. Nf3 c5 2. g3 g6 3. Bg2 Bg7 4. O-O Nc6 5. c4 Nf6 6. d4 cxd4 7. Nxd4 O-O
8. Nc3 Ng4 9. e3 Nge5 10. b3 d6 11. Bb2 Bg4 12. f3 Bd7 13. Qd2 a6 14. f4
Ng4 15. Ne4 Qb6 16. Rad1 Rfe8 17. h3 Nf6 18. Nf2 Rad8 19. g4 e5 20. Ne2 Be6
21. e4 exf4 22. Nxf4 Ne5 23. g5 Nh5 24. Nxh5 gxh5 25. Bd4 Qc7 26. Qe2 h4
27. Qe3 Qe7 28. Nd3 b5 29. cxb5 axb5 30. Nb4 Rc8 31. Rf2 f6 32. Bxe5 dxe5
33. Nd5 Bxd5 34. exd5 Rcd8 35. gxf6 Bxf6 36. Be4 Bg5 37. Rg2 h6 38. Qb6 Kh8
39. Qxb5 Rf8 40. Qd3 Rd6 41. Kh1 Qd7 42. Rc2 Rdf6 43. Bg2 Rf4 44. Re1 Rd4
45. Qa6 Bf4 46. Rc6 Qf5 47. Rf1 h5 48. Rh6+ Kg7 49. Rg1 Bg3 50. Rf1 Bf4 51.
Rg1 Bg3 52. Rf1 Rf4 53. Rc1 Rf7 54. Rg1 Rd4 55. Rc1 Rf8 56. Rc7+ Rf7 57.
Rxf7+ Qxf7 58. Rb6 Bf4 59. Rh6 Qf8 60. Rc6 Kh8 61. Qb5 Bg5 1-0

[Event "Open"]
[Site "Cappelle la Grande FRA"]
[Date "2003.02.27"]
[Round "7"]
[White "Iljushin,A"]
[Black "Gajewski,G"]
[Result "1/2-1/2"]
[WhiteElo "2537"]
[BlackElo "2436"]
[EventDate "2003.02.22"]

1. d4 d5 2. c4 c6 3. Nf3 Nf6 4. Nc3 dxc4 5. e3 b5 6. a4 b4 7. Na2 e6 8.
Bxc4 Be7 9. O-O O-O 10. Qe2 Bb7 11. Rd1 Nbd7 12. Bd2 a5 13. e4 c5 14. e5
Nd5 15. Nc1 N5b6 16. Bb5 c4 17. Bxc4 Nxc4 18. Qxc4 Nb6 19. Qe2 Qd5 20. b3
Rfc8 21. Rb1 Qe4 22. Rb2 Qg6 23. Ne1 Rd8 24. Be3 Nd5 25. Qd3 Qh5 26. Qe2
Qg6 27. Qd3 Bf8 1/2-1/2

[Event "Open"]
[Site "Cappelle la Grande FRA"]
[Date "2003.02.27"]
[Round "7"]
[White "Kengis,E"]
[Black "Makarov,M"]
[Result "1/2-1/2"]
[WhiteElo "2570"]
[BlackElo "2512"]
[EventDate "2003.02.22"]

1. Nf3 Nf6 2. g3 b5 3. Bg2 Bb7 4. Na3 a6 5. c4 c6 6. b3 e6 7. O-O d5 8. d3
Be7 9. Nc2 Nbd7 10. Bb2 O-O 11. cxd5 cxd5 12. Qd2 Bd6 13. Rfc1 Qe7 14. Ncd4
Rfc8 1/2-1/2

[Event "Open"]
[Site "Cappelle la Grande FRA"]
[Date "2003.02.27"]
[Round "7"]
[White "Rozentalis,E"]
[Black "Komljenovic,D"]
[Result "1-0"]
[WhiteElo "2585"]
[BlackElo "2431"]
[EventDate "2003.02.22"]

1. e4 e5 2. Nf3 Nc6 3. Nc3 Nf6 4. g3 Bb4 5. Bg2 Bxc3 6. dxc3 d6 7. Qe2 h6
8. O-O O-O 9. Nh4 Bg4 10. Qd3 Re8 11. h3 Be6 12. c4 Nd7 13. c3 Nc5 14. Qe2
a5 15. b3 Qf6 16. Kh2 g5 17. Nf3 Qg6 18. Nd2 Bd7 19. Bf3 Re7 20. Ba3 b6 21.
Bh5 Qh7 22. Bg4 f5 23. exf5 Bxf5 24. Qf3 Bd7 25. Bxd7 e4 26. Qf5 Nxd7 27.
Qd5+ Kh8 28. Qxc6 Rf8 29. Rae1 Ne5 30. Qd5 Rfe8 31. Rxe4 Nf3+ 32. Kg2 Nxd2
1-0

[Event "Open"]
[Site "Cappelle la Grande FRA"]
[Date "2003.02.27"]
[Round "7"]
[White "Shaw,J"]
[Black "Schlosser,P"]
[Result "1/2-1/2"]
[WhiteElo "2470"]
[BlackElo "2534"]
[EventDate "2003.02.22"]

1. e4 c5 2. Nf3 e6 3. c3 Nf6 4. e5 Nd5 5. d4 cxd4 6. cxd4 d6 7. Bc4 Nc6 8.
O-O Be7 9. a3 O-O 10. Re1 a6 11. Bd3 Qb6 12. exd6 Bxd6 13. Nc3 Nce7 14. Ng5
h6 15. Bh7+ Kh8 16. Bc2 Bd7 17. Qd3 f5 18. Nf3 Rac8 19. Ne5 Bxe5 20. Rxe5
Rc7 21. Nxd5 Nxd5 22. Bb3 Rfc8 23. Re1 Bb5 24. Qh3 Bc4 25. Bxc4 Rxc4 26.
Bxh6 gxh6 27. Qxh6+ Kg8 28. Rad1 R8c6 29. Rd3 Rxd4 30. Qg6+ Kf8 31. Qh6+
Kg8 32. Qg6+ Kf8 33. Rh3 Re4 34. Qh6+ Ke7 35. Qg7+ Kd6 36. Qf8+ Ke5 37.
Qg7+ Kd6 38. Qf8+ Ke5 39. Qh8+ Nf6 40. Qh6 Nd5 1/2-1/2

[Event "Open"]
[Site "Cappelle la Grande FRA"]
[Date "2003.02.27"]
[Round "7"]
[White "Staniszewski,Pi"]
[Black "Kovchan,A"]
[Result "1/2-1/2"]
[WhiteElo "2449"]
[BlackElo "2536"]
[EventDate "2003.02.22"]

1. e4 c5 2. Nf3 d6 3. d4 cxd4 4. Nxd4 Nf6 5. Nc3 a6 6. Be2 e5 7. Nb3 Be7 8.
O-O O-O 9. Qd3 Be6 10. Nd5 Bxd5 11. exd5 Nbd7 12. c4 a5 13. Be3 Nc5 14. Qc2
Nfd7 15. Nxc5 Nxc5 16. b3 Bg5 17. Bxg5 Qxg5 18. a3 b6 19. b4 Nd7 20. Qc1
Qe7 21. Qe3 f5 22. f4 g6 23. fxe5 Qxe5 24. Qxe5 Nxe5 25. c5 bxc5 26. bxc5
dxc5 27. Rfc1 Rac8 28. Ba6 Rc7 29. d6 Rc6 30. Bb7 Rxd6 31. Rxc5 Rb8 32.
Bd5+ Kg7 33. Rxa5 Rb2 34. a4 Kf6 35. h3 f4 36. Rf1 g5 37. h4 h6 38. hxg5+
hxg5 39. g3 Rb4 40. gxf4 gxf4 41. Bg2 Ng4 42. Rc5 Rxa4 43. Rc6 Rxc6 44.
Bxc6 Rb4 45. Ra1 Kg5 46. Bf3 Rb3 47. Bxg4 Kxg4 48. Ra2 Kg3 49. Rg2+ Kf3 50.
Rf2+ Kg3 51. Rg2+ Kf3 52. Rf2+ Kg4 53. Rg2+ Kf3 54. Rf2+ 1/2-1/2

[Event "Open"]
[Site "Cappelle la Grande FRA"]
[Date "2003.02.27"]
[Round "7"]
[White "Sergeev,V"]
[Black "Teske,H"]
[Result "0-1"]
[WhiteElo "2308"]
[BlackElo "2531"]
[EventDate "2003.02.22"]

1. e4 c5 2. Nc3 Nc6 3. g3 g6 4. Bg2 Bg7 5. d3 e5 6. Nh3 Nge7 7. Be3 Nd4 8.
O-O O-O 9. f4 d6 10. Kh1 b5 11. Qd2 b4 12. Nd1 a5 13. c3 bxc3 14. bxc3 Ndc6
15. Rb1 a4 16. Ng1 exf4 17. Bxf4 Ne5 18. Nf2 Be6 19. Nf3 Nxf3 20. Bxf3 Nc6
21. Bg2 Qa5 22. Rfc1 Ne5 23. Qe2 Qa7 24. Rd1 Qa6 25. Qc2 Rfc8 26. h3 a3 27.
Bf1 Qa5 28. Rdc1 h6 29. Bd2 Kh7 30. Be2 Rab8 31. c4 Qa7 32. Bc3 Nc6 33.
Bxg7 Kxg7 34. Qc3+ Nd4 35. Bg4 f5 36. exf5 Bxf5 37. Bxf5 gxf5 38. Kh2 Kh7
39. h4 Re8 40. Rxb8 Rxb8 41. Rf1 Rb2 42. Kh3 Rxa2 43. Nd1 Qg7 44. Rf4 Qb7
45. Nf2 Ne2 0-1

[Event "Open"]
[Site "Cappelle la Grande FRA"]
[Date "2003.02.27"]
[Round "7"]
[White "Hauchard,A"]
[Black "Geller,J"]
[Result "1/2-1/2"]
[WhiteElo "2512"]
[BlackElo "2448"]
[EventDate "2003.02.22"]

1. g3 d5 2. Bg2 Nf6 3. Nf3 Bf5 4. d3 e6 5. O-O Be7 6. Nbd2 h6 7. Qe1 O-O 8.
e4 Bh7 9. Qe2 c5 10. Ne5 Nbd7 11. Nxd7 Qxd7 12. e5 Ne8 13. Nf3 b5 14. Bf4
Nc7 15. h4 b4 16. g4 Nb5 17. Bg3 Rac8 18. Rac1 Rc6 19. Qe3 c4 20. Rfe1 cxd3
21. cxd3 Rfc8 22. Bf1 d4 23. Qf4 Rc2 24. g5 h5 25. Rxc2 Rxc2 26. Re2 Rc8
27. Re1 Qd5 28. Nd2 Qxa2 29. Nc4 Rd8 30. Qf3 Qa6 31. Qxh5 b3 32. Qf3 Rc8
33. Bf4 Qc6 34. Qd1 Bb4 35. Bd2 Bxd2 36. Nxd2 Qc2 37. Nc4 a5 38. Qf3 Nc3
39. Ra1 a4 40. h5 Bf5 41. g6 fxg6 42. hxg6 Rf8 43. bxc3 b2 44. Nxb2 Qxb2
45. Rxa4 dxc3 46. Ra8 c2 47. Rxf8+ Kxf8 48. Qa8+ Ke7 49. Qa7+ Kd8 50. Qa8+
Kc7 51. Qa7+ Qb7 52. Qc5+ Qc6 53. Qe7+ Kc8 54. Qf8+ Kc7 55. Qe7+ Kb8 56.
Qf8+ Ka7 57. Qa3+ Kb6 58. Qb4+ Qb5 59. Qd6+ Qc6 60. Qb4+ Kc7 61. Qe7+
1/2-1/2

[Event "Open"]
[Site "Cappelle la Grande FRA"]
[Date "2003.02.27"]
[Round "7"]
[White "Ghane,S"]
[Black "Timofeev,Ar"]
[Result "1-0"]
[WhiteElo "2405"]
[BlackElo "2592"]
[EventDate "2003.02.22"]

1. d4 d5 2. Nf3 e6 3. e3 c6 4. Bd3 f5 5. O-O Bd6 6. b3 Nf6 7. Ne5 O-O 8.
Ba3 Bxa3 9. Nxa3 Nbd7 10. f4 Qe7 11. Nb1 Nxe5 12. fxe5 Ng4 13. Qe1 Bd7 14.
c4 Qg5 15. Rf4 Qh5 16. h3 Nh6 17. Rh4 Qe8 18. Nc3 Nf7 19. Rf4 g5 20. Rf3
Nh6 21. Qg3 Qe7 22. h4 Ng4 23. hxg5 Nxe3 24. Ne2 Ng4 25. Qf4 Kh8 26. Rg3
Rg8 27. Rxg4 fxg4 28. Qf6+ Qg7 29. Rf1 Raf8 30. Qxg7+ Kxg7 31. Nf4 g3 32.
Rf3 dxc4 33. bxc4 Kh8 34. g6 Rxf4 35. Rxf4 hxg6 36. Rf6 Kg7 37. d5 cxd5 38.
cxd5 Be8 1-0

[Event "Open"]
[Site "Cappelle la Grande FRA"]
[Date "2003.02.27"]
[Round "7"]
[White "Holmsten,A"]
[Black "Luther,T"]
[Result "0-1"]
[WhiteElo "2404"]
[BlackElo "2575"]
[EventDate "2003.02.22"]

1. Nf3 c5 2. g3 d5 3. Bg2 Nc6 4. d4 e6 5. O-O Nf6 6. c4 dxc4 7. Qa4 Bd7 8.
Qxc4 b5 9. Qd3 c4 10. Qd1 Rc8 11. Bg5 Be7 12. Nbd2 O-O 13. a4 a6 14. axb5
axb5 15. e4 h6 16. Bf4 Qb6 17. Be3 Ng4 18. Qe2 e5 19. dxe5 Nxe3 20. Qxe3
Qxe3 21. fxe3 Bc5 22. Kf2 Rfd8 23. Rfc1 Be6 24. Bf1 Nxe5 25. Ra5 Bb4 26.
Rxb5 Bxd2 27. Rc2 Ng4+ 28. Ke2 c3 0-1

[Event "Open"]
[Site "Cappelle la Grande FRA"]
[Date "2003.02.27"]
[Round "7"]
[White "Prasad,D"]
[Black "Jaracz,P"]
[Result "0-1"]
[WhiteElo "2400"]
[BlackElo "2546"]
[EventDate "2003.02.22"]

1. e4 d6 2. d4 g6 3. Nc3 c6 4. Nf3 Bg7 5. Be3 Nd7 6. Qd2 b5 7. Bd3 Qc7 8.
O-O Ngf6 9. Bh6 O-O 10. Rfe1 e5 11. Bxg7 Kxg7 12. Ne2 a6 13. c3 Re8 14. Ng3
c5 15. Qg5 Nf8 16. Nh4 Ng8 17. d5 h6 18. Qe3 Qd8 19. Nf3 Nf6 20. a4 Bd7 21.
b3 Qc7 22. Nd2 Qd8 23. h3 g5 24. Qf3 bxa4 25. bxa4 Ng6 26. Nc4 Qc7 27. Ne3
Nf4 28. Ngf5+ Kh7 29. Bf1 Bxf5 30. Nxf5 Rg8 31. g3 N4h5 32. Reb1 a5 33. Rb5
Rab8 34. Rab1 Rxb5 35. Rxb5 Rb8 36. Be2 Kg6 37. h4 Rxb5 38. Bxb5 Ng7 39.
Nxh6 Nxe4 40. Qxe4+ Kxh6 41. hxg5+ Kxg5 42. Qh4+ Kg6 43. Bd3+ f5 44. g4 e4
45. gxf5+ Kf7 46. Be2 Nxf5 47. Qh7+ Ng7 48. Bh5+ Kf6 49. Qg6+ Ke5 50. Qg5+
Nf5 51. Bg6 Qc8 52. Kg2 Qf8 53. f4+ exf3+ 54. Kxf3 Kxd5 55. Bxf5 Kc4 56.
Ke2 Kb3 57. Qf4 Qe8+ 58. Kd2 Qh5 59. Be6+ Kb2 60. Qf2 0-1

[Event "Open"]
[Site "Cappelle la Grande FRA"]
[Date "2003.02.27"]
[Round "7"]
[White "Timoshenko,G"]
[Black "Brustman,A"]
[Result "1/2-1/2"]
[WhiteElo "2539"]
[BlackElo "2357"]
[EventDate "2003.02.22"]

1. e4 e6 2. d4 d5 3. Nc3 Bb4 4. e5 c5 5. a3 Bxc3+ 6. bxc3 Qc7 7. Qg4 f5 8.
Qg3 cxd4 9. cxd4 Ne7 10. c3 O-O 11. Ne2 b6 12. Nf4 Qd7 13. a4 Ba6 14. Bb5
Nec6 15. h4 Bxb5 16. axb5 Na5 17. Rb1 a6 18. bxa6 Nc4 19. h5 Qf7 20. h6 g6
21. Ra1 Nxa6 22. Nh5 Nc7 23. Nf6+ Kh8 24. Rxa8 Rxa8 25. O-O Ra1 26. Qd3 Qf8
27. g4 Ne8 28. Kg2 Qf7 29. Bg5 Rxf1 30. Qxf1 Nxf6 31. Bxf6+ Kg8 32. Qd1 Qb7
33. Qa4 Kf7 34. g5 Kf8 35. Kg3 Kf7 36. Kf4 Kf8 37. Qb5 Kf7 38. Bg7 Na5 39.
Qb4 Qb8 40. Bf6 Nc6 41. Qa3 Ke8 42. Bg7 Kf7 43. Kg3 Na5 44. Qb4 Nc6 45. Qa3
1/2-1/2

[Event "Open"]
[Site "Cappelle la Grande FRA"]
[Date "2003.02.27"]
[Round "7"]
[White "Nogueiras,J"]
[Black "David,Vi"]
[Result "1-0"]
[WhiteElo "2528"]
[BlackElo "2356"]
[EventDate "2003.02.22"]

1. Nf3 d5 2. e3 Nf6 3. c4 dxc4 4. Na3 e6 5. Nxc4 a6 6. b3 Be7 7. Bb2 b6 8.
Nce5 Bb7 9. Ng5 O-O 10. Bc4 Nd5 11. h4 Bxg5 12. hxg5 Qxg5 13. Qf3 f5 14.
O-O-O b5 15. Rh5 Qxh5 16. Qxh5 bxc4 17. bxc4 1-0

[Event "Open"]
[Site "Cappelle la Grande FRA"]
[Date "2003.02.27"]
[Round "7"]
[White "Etchegaray,P"]
[Black "Hasangatin,R"]
[Result "1-0"]
[WhiteElo "2344"]
[BlackElo "2523"]
[EventDate "2003.02.22"]

1. e4 Nc6 2. Nf3 d6 3. d4 Nf6 4. Nc3 Bg4 5. Be3 e6 6. h3 Bh5 7. d5 exd5 8.
exd5 Bxf3 9. Qxf3 Ne5 10. Qe2 Be7 11. O-O-O O-O 12. f4 Ned7 13. g4 Nc5 14.
Bg2 a5 15. g5 Nfd7 16. h4 Re8 17. Qf2 Rb8 18. Ne2 Bf8 19. Ng3 c6 20. Bd4
Qc7 21. g6 Nb6 22. gxh7+ Kxh7 23. f5 f6 24. h5 Qf7 25. h6 gxh6 26. Nh5 Nbd7
27. Qh4 Re5 28. Bxe5 dxe5 29. Kb1 Rc8 30. Bf3 a4 31. Rdg1 e4 32. Rg6 Kh8
33. Nxf6 Nxf6 34. Rxf6 Qh7 35. Bxe4 a3 36. dxc6 bxc6 37. Bf3 axb2 38. Rg6
Nd7 39. Qd4+ Bg7 40. Qxd7 Rf8 41. Rhg1 1-0

[Event "Open"]
[Site "Cappelle la Grande FRA"]
[Date "2003.02.27"]
[Round "7"]
[White "Totsky,L"]
[Black "Ungureanu,E"]
[Result "1-0"]
[WhiteElo "2511"]
[BlackElo "2302"]
[EventDate "2003.02.22"]

1. e4 c5 2. Nf3 a6 3. c3 d5 4. exd5 Qxd5 5. d4 e6 6. Be3 Nd7 7. c4 Qd6 8.
Nc3 cxd4 9. Nxd4 Ngf6 10. Be2 Be7 11. O-O O-O 12. h3 Qc7 13. Rc1 b6 14. a3
Rd8 15. b4 Bb7 16. Qb3 Rac8 17. Rfd1 Bf8 18. Bf1 Rb8 19. Rd2 Nc5 20. bxc5
bxc5 21. Nxe6 fxe6 22. Rxd8 Rxd8 23. Rb1 Bc8 24. Be2 Qe5 25. Qb6 Be7 26.
Na4 Nd7 27. Qb2 Qc7 28. Qb3 Bd6 29. Rd1 Be7 30. Bg4 Ne5 31. Rxd8+ Qxd8 32.
Bxc5 Bxc5 33. Nxc5 Nxg4 34. hxg4 Qd4 35. Nd3 Qxg4 36. c5 Qd4 37. c6 Kf7 38.
g3 Ke7 39. Nf4 Qc5 40. Qb2 Qxc6 41. Qxg7+ Kd8 42. Kh2 Qe4 43. Qc3 Bb7 44.
Kh3 e5 45. Ne6+ Ke7 46. Ng5 Qf5+ 47. Kh4 Bc8 48. Qb4+ Ke8 49. Qe4 Ke7 50.
Qxf5 Bxf5 51. Kh5 Kd6 52. g4 Bd3 53. Kh6 Kd5 54. Nxh7 Ke4 55. Ng5+ Kf4 56.
Nf7 Be4 57. Nd6 Bd5 58. g5 Kf3 59. Kg7 Kxf2 60. Kf6 Bg8 61. Kxe5 Ke3 62. g6
Kd3 63. Nf7 Kc3 64. Kf6 1-0

[Event "Open"]
[Site "Cappelle la Grande FRA"]
[Date "2003.02.27"]
[Round "7"]
[White "Delaunay,S"]
[Black "Apicella,M"]
[Result "1-0"]
[WhiteElo "2315"]
[BlackElo "2501"]
[EventDate "2003.02.22"]

1. d4 Nf6 2. Nf3 g6 3. c4 Bg7 4. Nc3 O-O 5. Bg5 d6 6. e3 c5 7. d5 e6 8. Be2
exd5 9. cxd5 a6 10. a4 Re8 11. Nd2 Nbd7 12. O-O Qc7 13. h3 h6 14. Bh4 Nh7
15. Qc2 f5 16. Rae1 Ndf6 17. Bg3 Ng5 18. Bd3 Qe7 19. Nc4 Nf7 20. e4 Nh5 21.
exf5 Qxe1 22. fxg6 Ng5 23. Rxe1 Rxe1+ 24. Kh2 Nxg3 25. Kxg3 Bxh3 26. f4 Rg1
27. fxg5 Rxg2+ 28. Qxg2 Bxg2 29. Kxg2 hxg5 30. Nxd6 b5 31. axb5 axb5 32.
Ndxb5 Be5 33. d6 Rd8 34. Ne4 Bxb2 35. Nxg5 Ra8 36. Ne6 Bf6 37. Nxc5 Kg7 38.
Ne6+ Kh6 39. d7 Rb8 40. Kf3 Rxb5 41. Bxb5 Kxg6 42. Ke4 Bh4 43. Kd5 Be7 44.
Nd4 1-0

[Event "Open"]
[Site "Cappelle la Grande FRA"]
[Date "2003.02.27"]
[Round "7"]
[White "Kennaugh,C"]
[Black "Shirazi,K"]
[Result "0-1"]
[WhiteElo "2290"]
[BlackElo "2438"]
[EventDate "2003.02.22"]

1. e4 e5 2. f4 f5 3. exf5 e4 4. Qh5+ Ke7 5. d3 Nf6 6. Qg5 h6 7. Qh4 d5 8.
g4 Kf7 9. dxe4 h5 10. e5 hxg4 11. Qg5 Nbd7 12. Be2 Rh5 13. Qg6+ Kg8 14.
exf6 Nxf6 15. Bxg4 Rh6 16. Qg5 Be7 17. Bf3 Ne4 18. Qg2 Bh4+ 19. Kf1 Bxf5
20. Be3 Qf6 21. c3 Re8 22. Nd2 Nxc3 23. bxc3 Rxe3 24. Ne2 Rg6 25. Ng3 Bd3+
26. Kg1 Qb6 27. Qf2 Bxg3 28. hxg3 Rxg3+ 29. Kh2 Rexf3 30. Qxb6 Rh3+ 31. Kg2
Rfg3+ 32. Kf2 cxb6 33. Rxh3 Rxh3 34. Re1 Rh2+ 35. Ke3 Bf5 36. a3 Rh3+ 37.
Kd4 Kf7 38. Kxd5 Rxc3 39. Nc4 Be6+ 40. Rxe6 Rxc4 41. f5 Rc5+ 42. Ke4 Ra5
0-1

[Event "Open"]
[Site "Cappelle la Grande FRA"]
[Date "2003.02.27"]
[Round "7"]
[White "Houhou,O"]
[Black "Gurevich,Vl"]
[Result "1/2-1/2"]
[WhiteElo "2257"]
[BlackElo "2432"]
[EventDate "2003.02.22"]

1. e4 c5 2. c3 d5 3. exd5 Qxd5 4. d4 Nf6 5. Nf3 Nc6 6. Be3 cxd4 7. cxd4 e6
8. Nc3 Qd6 9. a3 Be7 10. Bd3 b6 11. Rc1 Bb7 12. Nb5 Qd8 13. Ne5 Rc8 14.
Nxc6 Rxc6 15. Nxa7 Rxc1 16. Qxc1 O-O 17. Nc6 Bxc6 18. Qxc6 Nd5 19. O-O Nxe3
20. fxe3 Bg5 21. Qe4 g6 22. Bc4 Re8 23. Qe5 Bh6 24. Qe4 Re7 25. Qd3 Rd7 26.
Rd1 Qg5 27. Re1 Bg7 28. b4 h5 29. Rf1 Bh6 30. Rf3 Bg7 31. Qe4 Qd8 32. Rf2
Qe7 33. Rc2 Rc7 34. Qd3 Qh4 35. Rf2 Qg5 36. Rf3 Qh4 37. Rf2 Qg5 38. Rf3 Qh4
39. Rf2 1/2-1/2

[Event "Open"]
[Site "Cappelle la Grande FRA"]
[Date "2003.02.27"]
[Round "7"]
[White "Moriuchi,T"]
[Black "Jedynak,R"]
[Result "0-1"]
[WhiteElo "2247"]
[BlackElo "2432"]
[EventDate "2003.02.22"]

1. e4 c5 2. Nf3 d6 3. d4 cxd4 4. Nxd4 Nf6 5. Nc3 a6 6. Bc4 e6 7. Bb3 b5 8.
O-O Be7 9. Qf3 Qb6 10. Be3 Qb7 11. Qg3 h5 12. f3 g6 13. Rad1 h4 14. Qf2 Bd7
15. a3 a5 16. Nb1 Na6 17. c3 Nc5 18. Bc2 e5 19. Nb3 Na4 20. Bd3 Be6 21. Nc1
Nc5 22. Bc2 Rc8 23. b4 Na4 24. Bxa4 bxa4 25. Nd3 h3 26. g4 Nxg4 27. fxg4
Qxe4 28. Qg3 Bh4 29. Qf3 Qxf3 30. Rxf3 e4 31. Rf4 exd3 32. Rxd3 Bg5 33.
Rfd4 Bf6 34. Rxd6 axb4 35. axb4 Rh4 36. g5 Rg4+ 37. Kf1 Be5 38. Rxe6+ fxe6
39. Bg1 Rc7 40. Bf2 Rf7 0-1

[Event "Open"]
[Site "Cappelle la Grande FRA"]
[Date "2003.02.27"]
[Round "7"]
[White "Bagheri,A"]
[Black "Dergatschova Daus,A"]
[Result "1-0"]
[WhiteElo "2431"]
[BlackElo "2250"]
[EventDate "2003.02.22"]

1. d4 d5 2. Nf3 Nc6 3. Bf4 Bg4 4. Nbd2 e6 5. e3 Bd6 6. c3 Nge7 7. h3 Bh5 8.
Bd3 f6 9. Bxd6 cxd6 10. e4 dxe4 11. Nxe4 d5 12. Nc5 Qc8 13. Qc2 e5 14. g4
Bf7 15. dxe5 fxe5 16. Ng5 e4 17. Nxf7 Kxf7 18. Be2 b6 19. Nb3 Qc7 20. O-O-O
Rhd8 21. f3 Qf4+ 22. Kb1 Kg8 23. fxe4 dxe4 24. Bc4+ Kh8 25. Rdf1 Qe5 26.
Re1 e3 27. Re2 Nd5 28. Rhe1 Nce7 29. Bd3 g6 30. Be4 Rac8 31. Bg2 Rc4 32.
Ka1 Qc7 33. a3 b5 34. Nd4 Nxc3 35. bxc3 Rdxd4 36. Rxe3 Qd6 37. Qb3 Rd2 38.
Rxe7 Rxg2 39. Rxa7 Qc6 40. Qd1 Qc8 41. Qf3 1-0

[Event "Open"]
[Site "Cappelle la Grande FRA"]
[Date "2003.02.28"]
[Round "8"]
[White "Kuzmin,G"]
[Black "Belov,Vl"]
[Result "1/2-1/2"]
[WhiteElo "2495"]
[BlackElo "2540"]
[EventDate "2003.02.22"]

1. e4 c6 2. d4 d5 3. e5 Bf5 4. Nf3 e6 5. Be2 Ne7 6. O-O c5 7. Nc3 Nec6 8.
Be3 cxd4 9. Nxd4 Nxd4 10. Qxd4 Nc6 11. Bb5 Qd7 12. Qa4 a6 13. Bxc6 Qxc6 14.
Qxc6+ bxc6 15. Na4 Rb8 16. b3 Be7 17. c3 a5 18. Rfd1 f6 19. Bd4 Kf7 20. f4
Rb5 21. Be3 Rc8 22. c4 dxc4 23. Nb6 Rc7 24. Nxc4 Rd5 25. Nd6+ Bxd6 26. exd6
Rd7 27. Rxd5 cxd5 28. Rc1 e5 29. Bb6 Rxd6 30. Bc7 Re6 31. Rc5 Be4 32. Bxa5
exf4 33. Rc7+ Re7 34. Kf2 g5 35. Rxe7+ Kxe7 36. Bc3 Bb1 37. a4 Bc2 38. a5
Bd3 39. g3 fxg3+ 40. hxg3 Ba6 41. Ke3 h5 42. Kd4 Ke6 43. Be1 Kf5 44. Kxd5
Kg4 45. Ke4 f5+ 46. Ke3 Kh3 47. Kf2 h4 48. gxh4 Kxh4 49. Kf3+ Kh3 50. b4
Bb7+ 51. Ke3 Kg2 52. b5 f4+ 53. Kd4 g4 54. a6 Bc8 55. Ke4 f3 56. Kf4 f2 57.
Bxf2 Kxf2 58. b6 Bxa6 59. Ke4 Bc8 1/2-1/2

[Event "Open"]
[Site "Cappelle la Grande FRA"]
[Date "2003.02.28"]
[Round "8"]
[White "Minasian,Art"]
[Black "Bocharov,D"]
[Result "0-1"]
[WhiteElo "2557"]
[BlackElo "2524"]
[EventDate "2003.02.22"]

1. e4 c5 2. Nf3 e6 3. b3 d6 4. Bb2 Nc6 5. Bb5 Bd7 6. O-O Nf6 7. d3 Be7 8.
Nbd2 O-O 9. a4 b6 10. Nc4 a6 11. Bxc6 Bxc6 12. e5 dxe5 13. Nfxe5 Bb7 14. a5
b5 15. Nb6 Rb8 16. c4 b4 17. Re1 Qc7 18. Re3 Rbd8 19. Rh3 Ne8 20. Qh5 h6
21. f4 Bf6 22. Re1 Nd6 23. d4 Nf5 24. d5 g6 25. Qe2 exd5 26. cxd5 Bxd5 27.
Ng4 Bd4+ 28. Bxd4 Nxd4 29. Qe3 Be6 30. Nxh6+ Kg7 31. f5 Bxf5 32. Nxf5+ Nxf5
33. Qf2 Rfe8 34. Qb2+ Nd4 35. Rf1 Rh8 36. Rg3 Qe5 37. Rf2 Rxh2 38. Kxh2
Rh8+ 39. Kg1 Qxg3 40. Rf3 Qe5 0-1

[Event "Open"]
[Site "Cappelle la Grande FRA"]
[Date "2003.02.28"]
[Round "8"]
[White "Schlosser,P"]
[Black "Raetsky,A"]
[Result "1-0"]
[WhiteElo "2534"]
[BlackElo "2444"]
[EventDate "2003.02.22"]

1. c4 e5 2. Nc3 Bb4 3. Nd5 Ba5 4. b4 c6 5. bxa5 cxd5 6. cxd5 Qxa5 7. e4 Nf6
8. f3 O-O 9. Ne2 Na6 10. Nc3 Nc5 11. Bb2 d6 12. Nb5 Qd8 13. Be2 a6 14. Nc3
Nh5 15. g3 Qb6 16. Rb1 Bh3 17. d4 exd4 18. Qxd4 Bg2 19. Rf1 Bxf1 20. Kxf1
f5 21. exf5 Rae8 22. g4 Nf6 23. h4 Qd8 24. Bc1 Nfd7 25. Bg5 Qa5 26. a4 Rf7
27. Qb4 Qc7 28. a5 h6 29. Bf4 Ne5 30. Rd1 Qe7 31. Bg3 g6 32. f4 gxf5 33.
fxe5 f4 34. Bf2 Qxe5 35. Bf3 Qf6 36. Rd4 Re3 37. Kg2 Nd3 38. Rxd3 Rxd3 39.
Ne4 Qe5 40. Nxd6 Rc7 41. Ne4 Rc2 42. Qxb7 Rxf2+ 43. Kxf2 Qd4+ 44. Kg2 Rxf3
45. Qc8+ Kg7 46. Qd7+ Kh8 47. Qe8+ Kg7 48. Qe7+ Kh8 49. Qf8+ Kh7 50. Nf6+
Kg6 51. Qg8+ 1-0